College Football Matchups: Michigan - Statistics

General Stats
  • This quiz has been taken 232 times
    45 since last reset
  • The average score is 12 of 16
Answer Stats
Games Opponent Subdivision % Correct
118 Michigan State Power 4
100%
121 Ohio State Power 4
100%
73 Indiana Power 4
88%
71 Wisconsin Power 4
86%
98 Illinois Power 4
84%
106 Minnesota Power 4
81%
21 Pennsylvania FCS
79%
62 Purdue Power 4
79%
27 Penn State Power 4
77%
64 Iowa Power 4
74%
78 Northwestern Power 4
72%
44 Notre Dame Power 4
72%
14 Nebraska Power 4
70%
16 Washington Power 4
53%
18 Navy Group of 5
19%
18 Cornell FCS
16%
No matching quizzes found
Score Distribution
Percent of People with Each Score
Percentile by Number Answered
Your Score History
You have not taken this quiz since the last reset